Studies in the logic of Charles Sanders Peirce

Αποθηκεύτηκε σε:
Λεπτομέρειες βιβλιογραφικής εγγραφής
Άλλοι συγγραφείς: Houser, Nathan (Επιμελητής έκδοσης), Roberts, Don D. (Επιμελητής έκδοσης), Van Evra, James 1938- (Επιμελητής έκδοσης)
Μορφή: Βιβλίο
Γλώσσα:English
Δημοσίευση: Bloomington : Indiana University Press, c1997
Θέματα:
Ετικέτες: Προσθήκη ετικέτας
Δεν υπάρχουν, Καταχωρήστε ετικέτα πρώτοι!

MARC

LEADER 00000nam a2200000 i 4500
001 1/66558
008 071207s1997 eng d
020 |a 0-253-33020-3 
035 |l 10092904 
040 |a GR-MY-UA  |b gre  |e aacr 
041 0 |a eng 
082 0 |a 160.92  |2 (22) 
245 1 0 |a Studies in the logic of Charles Sanders Peirce /  |c Nathan Houser, Don D.Roberts, and James Van Evra, editors 
260 |a Bloomington :   |b Indiana University Press,   |c c1997 
300 |a xiii, 653 σ.;  |b εικ.;  |c 24 εκ. 
504 |a Βιβλιογραφία: σ. [595]-632. Ευρετήριο 
600 1 0 |a Peirce Charles S.  |q (Charles Sanders)  |d 1839-1914. 
650 0 0 |a Logic  |x History  |y 19th century. 
650 0 0 |a Logic  |x History  |y 20th century. 
700 1 |a Houser, Nathan.  |4 edt 
700 1 |a Roberts, Don D.  |4 edt 
700 1 |a Van Evra, James  |d 1938-  |4 edt 
852 |a INST  |b SYROS  |e 20071207  |h 160.92 STU  |p 005500006815  |q 005500006815  |t BK  |y 0 
901 |a BIBL5-2007-3 
909 |a Ε  |b 140703 
922 |a 5ΕΛΗ  |b 200711  |c ΕΠΕΑΕΚ2/ΤΜΣΠΣ  |d ΠΑΠΑΣΩΤΗΡΙΟΥ 
970 |a ΚΟΝΤΟΥ  |b ΠΑΡΑΣΚΕΥΗ  |z 2007/12/07